000 01876nam a2200529 i 4500
001 42971
003 KOSZ 005
005 20220401134137.0
008 011114s2001 pl a f |001 0 pol
015 _aUWD 2002/11067
020 _a8372791481
035 _a991017221679705066
035 _a(PL-WaBN)b14650885-48omnis_nlop
035 _ab14650885
035 _a(OCoLC)749319407
035 _azz2002923646
035 _a(PL)b0000001465088
035 _a(EXLNZ-48OMNIS_NETWORK)9910209583505606
040 _aWA N
_cWA N
_dKOSZ 005/HR
041 1 _apol
_heng
046 _k2001
080 _a004.7
080 _a(07)
245 0 0 _aZarządzanie wydajnością i błędami w sieciach Cisco /
_cPaul L. Della Maggiora [et al.] ; przekł. z jęz. ang. Agnieszka Mistur, Krzysztof Turczyński.
246 1 _iTyt. oryg.:
_aPerformance and fault management,
_f2000
260 _aWarszawa :
_b"Mikom",
_c2001.
300 _a300 s. :
_bil. ;
_c24 cm.
336 _aTekst
_btxt
_2rdacontent
337 _aBez urządzenia pośredniczącego
_bn
_2rdamedia
338 _aWolumin
_bnc
_2rdacarrier
380 _aKsiążki
388 _a1901-2000
388 _a2001-
500 _aNa okł. podtyt.: praktyczny przewodnik efektywnego zarządzania urządzeniami sieci Cisco.
504 _aBibliogr. przy rozdz. - Indeks.
650 7 _aSieć komputerowa
_2DBN
650 7 _aCisco IOS
655 7 _aPodręcznik
_2DBN
658 _aInformatyka i technologie informacyjne
700 1 _aDella Maggiora, Paul L.
_eAutor
700 1 _aMistur, Agnieszka
_eTłumaczenie
700 1 _aTurczyński, Krzysztof
_eTłumaczenie
710 2 _aWydawnictwo Mikom
_4pbl
856 _uhttp://koha.tu.koszalin.pl/cgi-bin/koha/opac-detail.pl?biblionumber=42971
_yKatalog online BPK
942 _2UKD
_cKS
999 _c42971
_d42971